000
00288nam a2200121 a 4500
005
20140414093837.0
008
030923s19uu xx 00 eng d
050
_a
VCD 930.1
_b
Tem 1996
245
_a
Temple of the Kama Sutra.
650
_a
Archeology.
942
_c
AVM
999
_c
109103
_d
109103